Odmeňovanie a jeho súvislosti

Efektívny systém odmeňovania. Čo si treba ujasniť v procese tvorby odmeňovania. Základné mzdové formy.

Saved in:
Bibliographic Details
Main Author: Rolková, Monika
Format: Book Chapter
Language:Slovak
Subjects:
Tags: Add Tag
No Tags, Be the first to tag this record!

MARC

LEADER 00000naa a2200000 4500
001 0273298
005 20210428084746.9
041 0 |a slo 
044 |a SK 
245 1 0 |a Odmeňovanie a jeho súvislosti  |c Monika Rolková 
520 |a Efektívny systém odmeňovania. Čo si treba ujasniť v procese tvorby odmeňovania. Základné mzdové formy. 
610 2 0 |a zamestnanci 
610 2 0 |a mzdy 
610 2 0 |a prémie 
610 2 0 |a odmeňovanie 
100 1 |a Rolková, Monika